000 00194 a2200097 4500
001 3475
100 _aHutheesing, R
245 _aGreat peace the
260 _a
_bHarper
_c
090 _c2741
_d2741
942 _aNUST-CAE
_cM
_c19347
999 _c238548
_d238548